Estudio histórico exegético de las autoridades y órganos agrarios del artículo 27 constitucional y en el código agrario /

Gespeichert in:
Bibliographische Detailangaben
1. Verfasser: Bastón Pérez Peña, Carlos Germán (autor)
Format: Buch
Sprache:Spanisch
Schlagworte:
Tags: Tag hinzufügen
Keine Tags, Fügen Sie das erste Tag hinzu!

MARC

LEADER 00000nam^a2200000^a^4500
001 000260058
005 20250521000000.0
009 20260310110426.47
037 |a Acervo Xavier Clavigero 
041 |a ESP 
082 |a 346. 72074  |b BAS 
100 |a Bastón Pérez Peña, Carlos Germán  |e (autor) 
245 1 0 |a Estudio histórico exegético de las autoridades y órganos agrarios del artículo 27 constitucional y en el código agrario /  |c C.G. Bastón Pérez Peña. 
264 |a México :  |b edición de autor,  |c 1970 
300 |a 176 p. 
336 |a texto  |b txt  |2 rdacontenido 
337 |a sin mediación  |b n  |2 rdamedio 
338 |a volumen  |b nc  |2 rdasoporte 
649 |a XX 
650 |a Funcionarios Públicos Mexicanos -  |x Condiciones Jurídicas 
650 |a Ministerios de Agricultura -  |z México -  |x Condiciones Jurídicas -  |x Tema Principal 
650 |a Banca de Desarrollo -  |z México -  |x Aspectos Jurídicos 
650 |a Bancos y Operaciones Bancarias -  |z México -  |x Condiciones Jurídicas 
650 |a Instituciones Económicas -  |z México -  |x Aspectos Jurídicos 
650 |a Movimientos Campesinos -  |z México -  |x Aspectos Jurídicos 
650 |a Autoridad -  |z México -  |x Aspectos Jurídicos 
650 |a Participación Política -  |z México 
650 |a Política Agraria -  |z México 
650 |a Derecho Agrario -  |z México 
650 |a Derecho Constitucional -  |z México 
650 |a Derecho Público -  |z México 
910 |a Fondo General 
920 |a Impresos - Libros 
930 |a Colección General 
905 |a 101 
901 |a 046732  |b IT1  |c ACC  |u 20250521 
902 |a https://opac.biblio.iteso.mx/vufind/Record/000260058